[Event "URU-ch sf"]
[Site "Montevideo"]
[Date "2024.02.10"]
[Round "2"]
[White "Llabres, Miguel"]
[Black "Steiner, Matias"]
[Result "0-1"]
[WhiteElo "1561"]
[BlackElo "1801"]
[PlyCount "40"]
[EventDate "2024.02.09"]
[EventType "swiss"]
[EventRounds "7"]
[EventCountry "URU"]
[SourceTitle "CB08_2024"]
[SourceDate "2024.02.21"]
[SourceVersion "1"]
[SourceVersionDate "2024.02.21"]
[SourceQuality "1"]

1. e4 c5 2. b4 b6 3. Nf3 e6 4. Bb2 Nf6 5. e5 Nd5 6. b5 Be7 7. c4 Nc7 8. Bd3 Bb7 9. Nc3 d5 10. exd6 Qxd6 11. Qe2 0-0 12. Ne4 Qd8 13. h4 Nd7 14. Neg5 h6 15. Ne4 f5 16. Ng3 Bf6 17. Rb1 Bxb2 18. Rxb2 Bxf3 19. Qxf3 Ne5 20. Qe3 Nxd3+ 0-1

[Event "URU-ch sf"]
[Site "Montevideo"]
[Date "2024.02.09"]
[Round "1"]
[White "Benitez, Andres"]
[Black "Llabres, Miguel"]
[Result "1-0"]
[WhiteElo "1960"]
[BlackElo "1561"]
[PlyCount "61"]
[EventDate "2024.02.09"]
[EventType "swiss"]
[EventRounds "7"]
[EventCountry "URU"]
[SourceTitle "CB08_2024"]
[SourceDate "2024.02.21"]
[SourceVersion "1"]
[SourceVersionDate "2024.02.21"]
[SourceQuality "1"]

1. e4 c6 2. d4 d5 3. e5 Bf5 4. h4 h6 5. g4 Bh7 6. e6 fxe6 7. Bd3 Bxd3 8. Qxd3 Qa5+ 9. Nc3 Nf6 10. Qg6+ Kd7 11. Bd2 Qb6 12. Nf3 Na6 13. 0-0-0 Kc7 14. Bf4+ Kc8 15. g5 h5 16. gxf6 exf6 17. Qe8+ Qd8 18. Qxe6+ Qd7 19. Rhe1 Qxe6 20. Rxe6 Bb4 21. Rde1 Kd7 22. a3 Bxc3 23. Re7+ Kd8 24. bxc3 Rc8 25. Rxg7 Re8 26. Rxb7 Rxe1+ 27. Nxe1 c5 28. Rxa7 Rc6 29. Nd3 cxd4 30. cxd4 Nc7 31. Rxc7 1-0